| 000 | 00393nam a2200169Ia 4500 | ||
|---|---|---|---|
| 008 | 221030s9999 xx 000 0 und d | ||
| 020 | _a8177000217 | ||
| 041 | _aEnglish | ||
| 082 | _a105.23 | ||
| 100 | _aS. Domkundwar | ||
| 245 | 2 | _aA Course in Thermal Engineering | |
| 250 | _a5th | ||
| 260 |
_bDhanpat Rai Pub _aDelhi _c2006 |
||
| 300 | _a32.12 | ||
| 650 | _aBB Mechanics | ||
| 942 | _cBK | ||
| 999 |
_c4227 _d4227 |
||